Here I am (barbie) - lyrics - Statistics

General Stats
  • This quiz has been taken 51 times
  • The average score is 159 of 196
Answer Stats
Answer % Correct
A
100%
Am
96%
Here
96%
I
96%
Light
92%
The
92%
Who
92%
Again
88%
And
88%
Go
88%
Now
88%
See
88%
Up
88%
When
88%
You
88%
Being
84%
Got
84%
Me
84%
Never
84%
What
84%
All
80%
Doubt
80%
Giving
80%
I'm
80%
On
80%
Played
80%
To
80%
Want
80%
But
76%
Dark
76%
Eyes
76%
For
76%
Fun
76%
Heard
76%
Like
76%
Made
76%
Nobody
76%
Right
76%
So
76%
Spark
76%
Was
76%
Young
76%
Burning
72%
Dream
72%
In
72%
It
72%
Somehow
72%
Top
72%
Words
72%
Everything's
68%
Feeling
68%
Higher
68%
Control
64%
Girl
64%
Star
64%
Stepping
64%
Suddenly
64%
That's
64%
Broke
60%
Ground
56%
How
56%
Inside
56%
Is
56%
Let
56%
Out
56%
Perfect
56%
Come
52%
Find
52%
Finding
52%
Shout
52%
Sound
52%
Take
52%
There's
52%
Lifting
48%
Wired
48%
Just
44%
Mold
44%
Off
44%
You're
36%
About
32%
No matching quizzes found
Score Distribution
Percent of People with Each Score
Percentile by Number Answered
Your Score History
You have not taken this quiz